| 000 -LEADER |
| fixed length control field |
00511nam a22001815i 4500 |
| 003 - CONTROL NUMBER IDENTIFIER |
| control field |
OSt |
| 005 - DATE AND TIME OF LATEST TRANSACTION |
| control field |
20240117105632.0 |
| 008 - FIXED-LENGTH DATA ELEMENTS--GENERAL INFORMATION |
| fixed length control field |
221102s2023 mau 000 0 eng |
| 020 ## - INTERNATIONAL STANDARD BOOK NUMBER |
| International Standard Book Number |
9783035624120 |
| Qualifying information |
(trade paperback) |
| 082 ## - DEWEY DECIMAL CLASSIFICATION NUMBER |
| Classification number |
720 |
| 100 1# - MAIN ENTRY--PERSONAL NAME |
| Personal name |
Siems, Tanja, |
| Relator term |
author. |
| 245 10 - TITLE STATEMENT |
| Title |
Imparting city : |
| Remainder of title |
methods and tools for collaborative planning / |
| Statement of responsibility, etc |
Tanja Siems. |
| 263 ## - PROJECTED PUBLICATION DATE |
| Projected publication date |
2301 |
| 300 ## - PHYSICAL DESCRIPTION |
| Extent |
pages cm |
| 906 ## - LOCAL DATA ELEMENT F, LDF (RLIN) |
| a |
0 |
| b |
ibc |
| c |
orignew |
| d |
2 |
| e |
epcn |
| f |
20 |
| g |
y-gencatlg |
| 942 ## - ADDED ENTRY ELEMENTS (KOHA) |
| Source of classification or shelving scheme |
|
| 955 ## - COPY-LEVEL INFORMATION (RLIN) |
| Book number/undivided call number, CCAL (RLIN) |
xd06 2022-11-02 |